| 000 | 00615nam a22001577a 4500 | ||
|---|---|---|---|
| 005 | 20250206174131.0 | ||
| 008 | 241105b |||||||| |||| 00| 0 eng d | ||
| 100 |
_aMueller, Tom. _eauthor. _963563 |
||
| 245 |
_aThe museum : _bfit for a pharaoh and more / _cTom Mueller, and Paolo Verzone. |
||
| 260 |
_aWashington ; _bNational Geographic Partners, LLC., _cNovember 2022. |
||
| 300 |
_avolume 241, pages 76-95, _billustration. |
||
| 500 | _aNational Geographic, v. 242, n. 11, pages 76-95, September 2022. | ||
| 700 |
_aMueller, Tom. _eauthor. _963562 |
||
| 700 |
_aVerzone, Paolo. _eauthor. _963564 |
||
| 942 |
_2ddc _cPER |
||
| 999 |
_c22980 _d22980 |
||